| 000 | 01366nam a2200349 i 4500 | ||
|---|---|---|---|
| 001 | 198314 | ||
| 003 | ES-MaACL | ||
| 005 | 20260529170920.0 | ||
| 007 | ta | ||
| 008 | 260518s2006 sp a|||| |||| 001 0 spa d | ||
| 017 |
_aM 22406-2006 _bOficina Depósito Legal Madrid |
||
| 020 | _a84-611-0897-3 | ||
| 040 |
_aES-MaACL _bspa _cES-MaACL _erda |
||
| 080 | _a73 Indiana, Robert (083.824) | ||
| 100 | 1 |
_aIndiana, Robert _d1928- _4art _9243074 _eart |
|
| 245 | 1 | 0 |
_aRobert Indiana : _bPaseo de Recoletos y Paseo del Prado, Madrid 2006 / _ccomisarios, Alexandra M. Schader, Simon Salama-Caro ; ensayos, Juan Manuel Bonet, Adrian Dannatt |
| 264 | 1 |
_aMadrid : _bKISS FM : _bKISS TV, _c2006 |
|
| 300 |
_a140 páginas : _bprincipalmente ilustraciones (blanco y negro y color) ; _c29 cm |
||
| 336 |
_2rdacontent _aTexto |
||
| 337 |
_2rdamedia _asin mediación |
||
| 338 |
_2rdacarrier _avolumen |
||
| 500 | _aRegistro provisional | ||
| 504 | _aBibliografía: páginas 98-106. Índice | ||
| 600 | 4 |
_aIndiana, Robert _d1928- _vExposiciones _9243075 |
|
| 700 | 1 |
_aBonet, Juan Manuel _d1953- _4aut _9243076 _eaut |
|
| 700 | 1 |
_aDannatt, Adrian _4aut _9243077 _eaut |
|
| 852 |
_aES-MaACL _cDEPOJ _jDJ-1 _hDonación: J. Porto _xEncuadernación rústica _9207288 |
||
| 942 |
_cMONOGRAFIA _n0 |
||
| 999 |
_c198314 _d198314 |
||